TENWEK HOSP HOME | SOC  | ASK A LIBRARIANSTAFF LOGIN  |  DIGITAL REPOSITORYe-BOOK PORTAL  |  OFF-CAMPUS PORTAL  |  DONATE

Zuspan & Quilligan's manual of obstetrics and gynecology / (Record no. 3214)

MARC details
000 -LEADER
fixed length control field 01408cam a2200373 a 4500
001 - CONTROL NUMBER
control field 1507988
003 - CONTROL NUMBER IDENTIFIER
control field Ke-BoTe
005 - DATE AND TIME OF LATEST TRANSACTION
control field 20220525112831.0
008 - FIXED-LENGTH DATA ELEMENTS--GENERAL INFORMATION
fixed length control field 890724s1990 moua bf 001 0 eng c
010 ## - LIBRARY OF CONGRESS CONTROL NUMBER
LC control number 89012934
020 ## - INTERNATIONAL STANDARD BOOK NUMBER
International Standard Book Number 0801654769
040 ## - CATALOGING SOURCE
Original cataloging agency DNLM/DLC
Transcribing agency DLC
Modifying agency DLC
050 00 - LIBRARY OF CONGRESS CALL NUMBER
Classification number RG531
Item number .M293 1990
060 ## - NATIONAL LIBRARY OF MEDICINE CALL NUMBER
Classification number WQ 39 M2943
082 00 - DEWEY DECIMAL CLASSIFICATION NUMBER
Classification number 618
Edition number 20
130 0# - MAIN ENTRY--UNIFORM TITLE
Uniform title Manual of obstetrics and gynecology.
9 (RLIN) 6733
245 10 - TITLE STATEMENT
Title Zuspan & Quilligan's manual of obstetrics and gynecology /
Statement of responsibility, etc. obstetrics editor, Jay D. Iams ; gynecology editor, Frederick P. Zuspan ; consulting editor, Edward J. Quilligan.
250 ## - EDITION STATEMENT
Edition statement 2nd ed.
260 ## - PUBLICATION, DISTRIBUTION, ETC.
Place of publication, distribution, etc. St. Louis :
Name of publisher, distributor, etc. Mosby ;
Date of publication, distribution, etc. c1990.
300 ## - PHYSICAL DESCRIPTION
Extent xi, 442 p . :
Other physical details ill . ;
Dimensions 23 cm.
500 ## - GENERAL NOTE
General note Rev. ed. of: Practical manual of obstetric care. 1982.
504 ## - BIBLIOGRAPHY, ETC. NOTE
Bibliography, etc. note Includes bibliographical references and index.
650 #0 - SUBJECT ADDED ENTRY--TOPICAL TERM
Topical term or geographic name entry element Obstetrics
Form subdivision Handbooks, manuals, etc.
9 (RLIN) 6734
650 #2 - SUBJECT ADDED ENTRY--TOPICAL TERM
Topical term or geographic name entry element Gynecology
General subdivision handbooks.
9 (RLIN) 6735
650 #2 - SUBJECT ADDED ENTRY--TOPICAL TERM
Topical term or geographic name entry element Obstetrics
General subdivision handbooks.
9 (RLIN) 6736
700 1# - ADDED ENTRY--PERSONAL NAME
Personal name Zuspan, Frederick P.,
Dates associated with a name 1922-
9 (RLIN) 6690
700 1# - ADDED ENTRY--PERSONAL NAME
Personal name Quilligan, Edward J.,
Dates associated with a name 1925-
9 (RLIN) 6737
700 1# - ADDED ENTRY--PERSONAL NAME
Personal name Iams, Jay D.
9 (RLIN) 6738
730 0# - ADDED ENTRY--UNIFORM TITLE
Uniform title Practical manual of obstetric care.
9 (RLIN) 6739
740 0# - ADDED ENTRY--UNCONTROLLED RELATED/ANALYTICAL TITLE
Uncontrolled related/analytical title Manual of obstetrics and gynecology.
740 0# - ADDED ENTRY--UNCONTROLLED RELATED/ANALYTICAL TITLE
Uncontrolled related/analytical title Zuspan and Quilligan's manual of obstetrics and gynecology.
906 ## - LOCAL DATA ELEMENT F, LDF (RLIN)
a 7
b cbc
c orignew
d 1
e ocip
f 19
g y-gencatlg
942 ## - ADDED ENTRY ELEMENTS (KOHA)
Source of classification or shelving scheme Library of Congress Classification
Koha item type Books
Suppress in OPAC No
Holdings
Withdrawn status Lost status Source of classification or shelving scheme Damaged status Not for loan Collection code Home library Current library Shelving location Date acquired Total Checkouts Full call number Barcode Date last seen Price effective from Koha item type
    Library of Congress Classification     Non-fiction SCHOOL OF HEALTH SCIENCES SCHOOL OF HEALTH SCIENCES General Stacks 25.05.2022   RG531.M293 1990 00001538 25.05.2022 25.05.2022 Books